Statystyki dla Nazwij Państwo A-Z - Europa

Kliknij tutaj aby rozwiązać quiz!

Ogólne statystyki

  • Ten quiz został rozwiązany 152 razy
  • Średni wynik to 17 z 19

Statystyki odpowiedzi

LiteraPaństwa% Poprawnych
AAlbania | Andora | Austria
98%
BBelgia | Białoruś | Bośnia i Hercegowina | +1
98%
CChorwacja | Czarnogóra | Czechy
98%
FFinlandia | Francja
98%
LLiechtenstein | Litwa | Luksemburg
96%
DDania
95%
ŁŁotwa
93%
PPolska | Portugalia
93%
RRosja | Rumunia
91%
EEstonia
89%
MMacedonia Północna | Malta | Mołdawia | +1
89%
SSan Marino | Serbia | Słowacja| +3
89%
HHiszpania | Holandia
88%
WWatykan | Węgry | Wielka Brytania | +1
88%
GGrecja
83%
NNiemcy | Norwegia
83%
IIrlandia | Islandia
79%
UUkraina
76%
KKosowo
72%

Rozkład punktacji

Percentyl według liczby udzielonych odpowiedzi

Procent ludzi z każdym wynikiem

Twoja historia wyników

Nie rozwiązałeś tego quizu